Arte del siglo XX

保存先:
書誌詳細
主要な著者: Ruhrberg, Karl (著者), Schneckenburger, Manfred (著者), Fricke, Christiane (著者), Honnef, Klaus (著者), Walther, Ingo F (著者)
フォーマット: 図書
言語:スペイン語
出版事項: Colonia Taschen 2005
版:1a. ed
主題:
タグ: タグ追加
タグなし, このレコードへの初めてのタグを付けませんか!

MARC

LEADER 00000nam a2200000 a 4500
001 UCI6721
003 CL-VaPUC
008 080523e20050000GW |||||||||||||||||spa|d
020 |a 9783822840870 
082 0 4 |a 709.04  |b RUH  |2 21 
100 0 |a Ruhrberg, Karl  |e author  |9 529688 
700 0 |a Schneckenburger, Manfred  |e author  |9 529689 
700 0 |a Fricke, Christiane  |e author  |9 529690 
700 |a Honnef, Klaus  |e author  |9 557822 
700 0 |a Walther, Ingo F  |e author  |9 529692 
245 1 0 |a Arte del siglo XX 
250 |a 1a. ed 
300 |a 2 v 
942 |c BK 
945 |d 20080523 00:00:00  |a cmena 
260 |a Colonia  |b Taschen  |c 2005 
500 |a v.1: Pintura 
500 |a v.2: Escultura, Nuevos medios, Fotografía 
650 0 |a Arte   |y Siglo 20  |9 267709 
650 0 |a Estilos artísticos  |9 340996 
650 0 |a Historia del arte  |9 314877 
650 0 |a Modernismo  |9 267987 
650 7 |a CLASICISMO  |2 CL-VaPUC  |9 268682 
650 0 |a Abstracción  |9 344698 
650 0 |a Cubismo  |9 265275 
650 7 |a MINIMALISMO  |2 CL-VaPUC  |9 529693 
650 0 |a Pintura  |9 265046 
650 0 |a Escultura  |9 265737 
650 0 |a Fotografía  |9 268495 
583 |a last modification  |c 20080523 00:00:00  |k Rodrigo Vera 
999 |c 330170  |d 330168 
952 |0 0  |1 0  |4 0  |6 709_040000000000000_RUH_2005  |7 0  |8 A  |9 415578  |a BIBHIS  |b BIBHIS  |d 2019-11-22  |h v.1  |i 4731085  |o 709.04 RUH 2005  |p 4731085  |r 2025-01-20  |w 2019-11-22  |y BK  |k HIS 
952 |0 0  |1 0  |4 0  |6 709_040000000000000_RUH_2005  |7 0  |8 A  |9 415579  |a BIBHIS  |b BIBHIS  |d 2019-11-22  |h v.2  |i 4731093  |o 709.04 RUH 2005  |p 4731093  |r 2025-01-20  |w 2019-11-22  |y BK  |k HIS